Estrategias de Informacion (Бичлэгийн дугаар. 145981)
| 000 -УДИРДЛАГА | |
|---|---|
| Удирдлага | 00749nam a22002537a 4500 |
| 003 - ХЯНАЛТЫН ТОО ТОДОРХОЙЛОГЧ | |
| Код | MN-UlNUM |
| 005 - БИЧИЛТ ХИЙСЭН ОГНОО | |
| Тухайн бичилтийг бичсэн засварласан сүүлийн огноо | 20251219121752.0 |
| 008 - ЕРӨНХИЙ МЭДЭЭЛЭЛ | |
| Ерөнхий мэдээлэл | 251219s1990 uy a|||| |||| 00| 0 eng | |
| 020 ## - ISBN | |
| ISBN | 9977200270 |
| 040 ## - БИЧЛЭГ ҮҮСГЭГЧ БАЙГУУЛЛАГА | |
| Бичлэг үүсгэгч номын сангийн код | МУИС-ийн номын сан |
| 084 ## - ББК АНГИЛАЛ | |
| Нэмэлт тусгалт | Бусад |
| ББК ангилал | 67.401.212 |
| Зохиогчийн гурван тэмдэгт | E 82 |
| Мэдлэгийн ялгаа | 67 - Төр эрх, хууль |
| 245 ## - ҮНДСЭН ГАРЧИГ | |
| Номын нэр | Estrategias de Informacion |
| Бага гарчгийн мэдээ | Un enfoque para la gestion publica |
| 260 ## - ГАРАЛТЫН МЭДЭЭ | |
| Хэвлэгдсэн газар | New York: |
| Хэвлэлийн газар | Warren Growther, |
| Хэвлэгдсэн он | 1990 |
| 300 ## - МАТЕРИАЛЫН ТОДОРХОЙЛОЛТ | |
| хуудасны тоо | 280p.: |
| 500 ## - Тайлбар | |
| Дансны дугаар | БС 4607 |
| 546 ## - ХЭЛНИЙ ТУХАЙ МЭДЭЭ | |
| Хэл | Англи хэл дээр, |
| 653 ## - Түлхүүр үг | |
| Түлхүүр үг | communication in public |
| 740 ## - НОМЫН ГАРЧИГ | |
| Гарчиг | Principios basicos para la informacion gerencial |
| 740 ## - НОМЫН ГАРЧИГ | |
| Гарчиг | Marco conceptual: Productividad de la informacion |
| 740 ## - НОМЫН ГАРЧИГ | |
| Гарчиг | Diagnostico de la demanda |
| 740 ## - НОМЫН ГАРЧИГ | |
| Гарчиг | Oferta de informacion |
| 942 ## - ЭЛЕМЕНТИЙН ТӨРӨЛ | |
| Зүйлийн төрөл | Ном |
